00199nam a22000857a 4500082001600000100002700016245002500043260003600068300000900104 a808.3 RIC'W aRICH, LOUISE DICKINSON aWE LOOK TO THE WOODS aNEWYORKbJ. B. LIPPINCOTTc1942 a322P